000 00620nam a2200217Ii 4500
003 JO-AjNU
008 230606s9999||||xx |||||||||||||| ||und||
020 _a978-1-4050-5695-0
040 _aJO-AjNU
_beng
_erda
_cJO-AjNU
041 _aeng
050 1 4 _aRJ606.A9.M22.2008
100 3 _aCebula,;atie,
_eauthor
_996
245 0 0 _aAutism An integrated View from neurocognitove clinical and intervention Reseach
250 _a1 ed
264 3 1 _aBlacwell publishing
300 _a340p
336 _atext
_btxt
_2rdacontent
337 _aunmediated
_bn
_2rdamedia
338 _avolume
_bnc
_2rdacarrier
650 4 _aAutism
_997
999 _aE52
_c52
_d52